[Event "Tournoi francophone 019"]
[Site "Skype"]
[Date "????.??.??"]
[Round "2.2"]
[White "Lambert, Pierre"]
[Black "Moumtaz, Abderrahim"]
[Result "1-0"]
[WhiteElo "1660"]
[BlackElo "1279"]
[PlyCount "73"]

1. e4 e5 2. Nf3 Nc6 3. d4 exd4 4. Nxd4 Bc5 5. Be3 Nf6 6. Nxc6 dxc6 7. Qxd8+
Kxd8 8. Bxc5 Nxe4 9. Be3 Re8 10. Bd3 f5 11. Nd2 Nxd2 12. Kxd2 Be6 13. Rhe1 a6
14. b3 Kd7 15. Rad1 Rad8 16. Kc1 Kc8 17. Bf1 Rd5 18. Rxd5 cxd5 19. Bd3 Rd8 20.
Bf4 Re8 21. Rxe6 Rxe6 22. Bxf5 Kd7 23. Bxe6+ Kxe6 24. Bxc7 Kd7 25. Be5 g6 26.
Kd2 Ke6 27. Bc3 Kd6 28. Kd3 Kc5 29. f4 b5 30. b4+ Kd6 31. Kd4 Ke6 32. g4 h6 33.
Kc5 h5 34. f5+ gxf5 35. gxh5 f4 36. h6 Kf7 37. h7 1-0

[Event "Tournoi francophone 019"]
[Site "Skype"]
[Date "????.??.??"]
[Round "2.3"]
[White "Le Brun, Yves"]
[Black "Caputi, Giuliano"]
[Result "0-1"]
[WhiteElo "1321"]
[BlackElo "1638"]
[PlyCount "67"]

1. d4 Nf6 2. Bf4 c5 3. Nf3 cxd4 4. Nxd4 d6 5. Nf3 Nc6 6. c3 g6 7. h3 Bg7 8.
Nbd2 a6 9. e4 O-O 10. Bd3 b5 11. O-O Bb7 12. Re1 Rc8 13. Qe2 Nd7 14. Rac1 e5
15. Be3 h6 16. g4 Ne7 17. Bc2 f5 18. Nh4 f4 19. Bb3+ Kh7 20. Ba7 Ra8 21. g5 h5
22. Qd3 Rxa7 23. Qxd6 Nb6 24. Qxd8 Rxd8 25. Ndf3 Nc4 26. Bxc4 bxc4 27. Rcd1
Raa8 28. Nd2 Rac8 29. f3 a5 30. Kf2 Ba6 31. Ng2 Rd3 32. Nf1 Rcd8 33. Rxd3 Rxd3
34. Rd1 0-1

[Event "Tournoi francophone 019"]
[Site "Skype"]
[Date "????.??.??"]
[Round "2.4"]
[White "Rochette, Mathieu"]
[Black "Cengiz, Ali Ekber"]
[Result "1-0"]
[WhiteElo "1603"]
[BlackElo "1266"]
[PlyCount "47"]

1. e4 e5 2. Nf3 Nc6 3. c3 Nf6 4. d4 exd4 5. cxd4 Bb4+ 6. Nc3 O-O 7. Bd3 d6 8.
h3 Ne7 9. O-O Bxc3 10. bxc3 d5 11. e5 Nd7 12. Ng5 Ng6 13. Qh5 h6 14. Nxf7 Rxf7
15. Bxg6 Re7 16. Ba3 Re6 17. Bf7+ Kh8 18. Bxe6 Nb6 19. Bxc8 Nxc8 20. f4 Nb6 21.
f5 Nc4 22. f6 Nxa3 23. fxg7+ Kxg7 24. Rf7+ 1-0

[Event "Tournoi francophone 019"]
[Site "Skype"]
[Date "????.??.??"]
[Round "2.6"]
[White "Bucherie, Volcy"]
[Black "Rodier, Marc"]
[Result "0-1"]
[WhiteElo "1264"]
[BlackElo "1512"]
[PlyCount "41"]

1. d4 Nf6 2. c4 g6 3. g3 c6 4. Bg2 d5 5. cxd5 cxd5 6. e3 Bg7 7. Ne2 O-O 8. O-O
Nc6 9. b3 Bf5 10. Bb2 Qd7 11. Nbc3 Bh3 12. Nf4 Bxg2 13. Nxg2 Rac8 14. Nf4 b6
15. Qf3 e6 16. Rad1 a6 17. Rd2 Ne7 18. Rfd1 Rfd8 19. Ba3 Rxc3 20. Bxe7 Qxe7 21.
e4 0-1

[Event "Tournoi francophone 019"]
[Site "Skype"]
[Date "????.??.??"]
[Round "2.7"]
[White "Pourrouquet, Albert"]
[Black "Briere, Jean"]
[Result "1-0"]
[WhiteElo "1451"]
[BlackElo "1259"]
[PlyCount "53"]

1. e4 e5 2. Nf3 Nc6 3. Bb5 d6 4. O-O Nf6 5. Re1 Be7 6. c3 O-O 7. h3 Bd7 8. d4
exd4 9. cxd4 h6 10. Nbd2 a6 11. Ba4 b5 12. Bb3 Be6 13. d5 Bd7 14. dxc6 Bxc6 15.
Qc2 Bb7 16. Nf1 c5 17. a4 c4 18. Ba2 Qc7 19. Ng3 Rac8 20. Bd2 Qd7 21. Bb1 Qe6
22. axb5 axb5 23. Nd4 Qe5 24. Be3 Bxe4 25. Nxe4 Qxe4 26. Qxe4 Nxe4 27. Bxe4 1-0

[Event "Tournoi francophone 019"]
[Site "Skype"]
[Date "????.??.??"]
[Round "2.8"]
[White "Sauvaget, Joel"]
[Black "Castillo, David"]
[Result "0-1"]
[WhiteElo "1255"]
[BlackElo "1449"]
[PlyCount "58"]

1. d4 f5 2. Nf3 Nf6 3. g3 d6 4. Bg2 c6 5. Nc3 Nbd7 6. O-O e6 7. Re1 Ne4 8. Bd2
Ndf6 9. h3 Qe7 10. e3 g6 11. Ne2 e5 12. c3 Bg7 13. dxe5 dxe5 14. Qc2 O-O 15.
Rad1 Rd8 16. Bc1 Bd7 17. Rd3 Nxf2 18. Kxf2 e4 19. Rxd7 Rxd7 20. Nh2 Rad8 21.
Nf1 Qe5 22. Nf4 g5 23. Ne2 Rd3 24. Nd4 c5 25. Nxf5 Qxf5+ 26. Kg1 h5 27. Qb3+
Qd5 28. Qxd5+ R8xd5 29. Bxe4 Nxe4 0-1

[Event "Tournoi francophone 019"]
[Site "Skype"]
[Date "????.??.??"]
[Round "2.9"]
[White "Sequeda Pimiento, Javier Ricardo"]
[Black "Gharbi, Said"]
[Result "0-1"]
[WhiteElo "1395"]
[BlackElo "1252"]
[PlyCount "120"]

1. e4 e5 2. Nf3 Nc6 3. Bc4 h6 4. d4 Bd6 5. dxe5 Nxe5 6. Nxe5 Bxe5 7. Qd5 Qf6 8.
c3 Ne7 9. Qd1 b6 10. Be3 Bb7 11. Nd2 Bf4 12. Qf3 Bxe3 13. Qxf6 Bxd2+ 14. Kxd2
gxf6 15. Rae1 Ng6 16. h4 O-O 17. g4 Ne5 18. Be2 Bxe4 19. Rh3 d5 20. g5 Kg7 21.
f4 Ng6 22. f5 Nf4 23. Rg3 Bxf5 24. Rf1 Nxe2 25. gxh6+ Kxh6 26. Kxe2 Rae8+ 27.
Kd2 Re5 28. Rgf3 Bg6 29. Rxf6 Rfe8 30. R6f2 Re3 31. Rh1 Rd3+ 32. Kc1 Rde3 33.
Kd2 c5 34. a4 d4 35. cxd4 cxd4 36. Rhh2 Rd3+ 37. Kc2 Ra3+ 38. Kd2 Rxa4 39. h5
Bxh5 40. Rxf7 Ra5 41. Rf6+ Kg5 42. Rd6 Rb5 43. Kd3 Bg6+ 44. Kxd4 Re4+ 45. Kc3
Rc5+ 46. Kd2 Rc2+ 47. Kxc2 Rd4+ 48. Kc3 Rxd6 49. Rg2+ Kf6 50. Rf2+ Kg7 51. Re2
a5 52. Re7+ Kf6 53. Rb7 Ke5 54. Kc4 Rd4+ 55. Kb5 Rb4+ 56. Ka6 Rxb2 57. Rxb6
Rxb6+ 58. Kxb6 a4 59. Kb5 a3 60. Kb4 a2 0-1

[Event "Tournoi francophone 019"]
[Site "Skype"]
[Date "????.??.??"]
[Round "2.11"]
[White "Scata, Laura"]
[Black "L'Herbon De Lussats, Jean"]
[Result "1-0"]
[WhiteElo "1370"]
[BlackElo "1233"]
[PlyCount "138"]

1. d4 Nf6 2. Nf3 e6 3. Bf4 c5 4. c3 b6 5. e3 Bb7 6. Nbd2 d6 7. Bb5+ Nc6 8. Qe2
Be7 9. Ba6 Qc7 10. Bxb7 Qxb7 11. Bg3 O-O 12. O-O a5 13. a4 Qa6 14. Qxa6 Rxa6
15. Rfe1 d5 16. Ne5 Nxe5 17. Bxe5 Nd7 18. Bg3 c4 19. e4 dxe4 20. Rxe4 Nf6 21.
Ree1 Rc8 22. Ne4 Ra7 23. Nxf6+ Bxf6 24. Rad1 Rd7 25. h3 Rd5 26. Be5 Be7 27. Kf1
f6 28. Bg3 Kf7 29. f3 g5 30. Kf2 h5 31. h4 gxh4 32. Bxh4 b5 33. axb5 Rxb5 34.
Re2 Rcb8 35. Rdd2 Bf8 36. Ke1 Bh6 37. Rc2 a4 38. Bg3 Rg8 39. Kf2 Rbg5 40. Bf4
Rxg2+ 41. Ke3 Bxf4+ 42. Kxf4 R2g5 43. Rh2 Rh8 44. Rc1 Rf5+ 45. Ke3 h4 46. Ra1
Ra5 47. Kf4 f5 48. Rah1 Kf6 49. Rxh4 Rxh4+ 50. Rxh4 e5+ 51. dxe5+ Rxe5 52. Rh6+
Kg7 53. Kxe5 Kxh6 54. Kxf5 Kh5 55. Ke4 Kg5 56. Kd4 Kf4 57. Kxc4 Kxf3 58. Kb4
Ke3 59. Kxa4 Kd3 60. Kb4 Ke4 61. Kc4 Ke5 62. Kc5 Ke6 63. Kc6 Ke5 64. b4 Ke6 65.
b5 Ke7 66. Kc7 Ke6 67. b6 Kd5 68. b7 Kc4 69. b8=Q Kxc3 1-0

[Event "Tournoi francophone 019"]
[Site "Skype"]
[Date "????.??.??"]
[Round "2.12"]
[White "Vello, Pablo"]
[Black "Khabou, Taha"]
[Result "1/2-1/2"]
[WhiteElo "1190"]
[BlackElo "1358"]
[PlyCount "62"]

1. d4 e6 2. Nc3 d5 3. Bf4 a6 4. e3 c5 5. Qf3 Nf6 6. g4 cxd4 7. exd4 Nc6 8.
O-O-O Bd6 9. Nge2 h6 10. h4 b5 11. g5 hxg5 12. hxg5 Rxh1 13. Qxh1 Bxf4+ 14.
Nxf4 Ng4 15. Qh8+ Ke7 16. Qxd8+ Kxd8 17. Nd3 f6 18. Be2 f5 19. Bxg4 fxg4 20.
Nc5 Ke7 21. Ne2 e5 22. dxe5 Nxe5 23. Rxd5 Nf3 24. Nf4 Ra7 25. Ng6+ Kf7 26. Nf4
Re7 27. Nfd3 Be6 28. Nxe6 Rxe6 29. b3 Ke7 30. Kb2 Rd6 31. Rxd6 Kxd6 1/2-1/2

[Event "Tournoi francophone 019"]
[Site "Skype"]
[Date "????.??.??"]
[Round "2.13"]
[White "Pouteau, Pascal"]
[Black "Rodriguez, Nathalie"]
[Result "1-0"]
[WhiteElo "1349"]
[BlackElo "1224"]
[PlyCount "75"]

1. d4 d5 2. c4 dxc4 3. Nc3 Nc6 4. Nf3 Nf6 5. e3 e6 6. Bxc4 Be7 7. O-O h6 8. Qc2
a6 9. Re1 Nb4 10. Qb3 Nbd5 11. Nxd5 exd5 12. Bd3 Bg4 13. Ne5 Qd6 14. Qxb7 Rd8
15. Qc6+ Kf8 16. a3 Qxc6 17. Nxc6 Rd7 18. Nxe7 Rxe7 19. Bxa6 Ke8 20. Bd2 Kd8
21. Bb4 Re6 22. Bd3 Rhe8 23. Rac1 Bh5 24. h3 Ne4 25. Bxe4 Rxe4 26. Rc5 f5 27.
Rxd5+ Kc8 28. Rxf5 Bg6 29. Ra5 Kd7 30. Ra6 Bf7 31. Rc1 R4e6 32. Ra7 Rg6 33.
Raxc7+ Ke6 34. Rxf7 Kxf7 35. Rc7+ Kg8 36. Kf1 Rf8 37. Bxf8 Kxf8 38. e4 1-0

[Event "Tournoi francophone 019"]
[Site "Skype"]
[Date "????.??.??"]
[Round "2.14"]
[White "Ibanez, Bittor"]
[Black "Abdulrazzaq, Mohsen"]
[Result "0-1"]
[WhiteElo "1047"]
[BlackElo "1346"]
[PlyCount "66"]

1. e4 c5 2. Bc4 Nc6 3. Nf3 e6 4. O-O Be7 5. d4 d5 6. exd5 exd5 7. Bb3 c4 8. Ba4
b5 9. c3 Nf6 10. Bc2 O-O 11. Nbd2 Re8 12. Re1 Bg4 13. h3 Bd7 14. Nf1 Qc7 15.
Ng3 Bd6 16. Ne5 Nxe5 17. dxe5 Bxe5 18. f4 Bxf4 19. Rxe8+ Rxe8 20. Bxf4 Qxf4 21.
Ne2 Qe3+ 22. Kh2 Qxe2 23. Qxe2 Rxe2 24. Rc1 Nh5 25. Bd1 Re5 26. g4 Nf4 27. Rc2
h6 28. Kg3 Nd3 29. Rd2 g5 30. Be2 Re3+ 31. Kg2 Bc6 32. Bxd3 cxd3 33. Kf2 Rxh3
0-1

[Event "Tournoi francophone 019"]
[Site "Skype"]
[Date "????.??.??"]
[Round "2.15"]
[White "Gadow, Martin"]
[Black "Schnell, Nicolas"]
[Result "1-0"]
[WhiteElo "1342"]
[BlackElo "1035"]
[PlyCount "77"]

1. Nf3 e6 2. d4 Nc6 3. c3 d5 4. Bf4 Qf6 5. e3 Nh6 6. Bxc7 Ng4 7. Bf4 Qf5 8. Bd3
Qh5 9. Nbd2 Be7 10. Nf1 Bh4 11. Nxh4 Qxh4 12. Bg3 Qf6 13. Qxg4 e5 14. dxe5 Bxg4
15. exf6 g6 16. Nd2 O-O 17. O-O Rfe8 18. Rfe1 Re6 19. e4 d4 20. f3 Bh5 21. e5
Nxe5 22. Bxe5 Rae8 23. cxd4 g5 24. Bc4 Rc8 25. Bxe6 fxe6 26. Ne4 h6 27. Nd6 Rc7
28. Rac1 Rf7 29. Nxf7 Bxf7 30. Rc8+ Kh7 31. g4 b5 32. Rec1 Kg6 33. R1c7 h5 34.
Rf8 hxg4 35. fxg4 Kh7 36. Rfxf7+ Kg6 37. Rg7+ Kh6 38. Rh7+ Kg6 39. Rcg7# 1-0

[Event "Tournoi francophone 019"]
[Site "Skype"]
[Date "????.??.??"]
[Round "2.16"]
[White "Hampton, Irene"]
[Black "Garcia De La Calva, Juan Ramon"]
[Result "0-1"]
[WhiteElo "1000"]
[BlackElo "1337"]
[PlyCount "72"]

1. d4 d5 2. Bf4 Nf6 3. Nc3 Bf5 4. Nb5 Na6 5. e3 c6 6. Na3 Qb6 7. Qc1 Nb4 8. Be2
Qa5 9. Kf1 h6 10. h3 g5 11. Be5 Bg7 12. Nf3 O-O 13. Qd2 Ne4 14. Qd1 f6 15. Bg3
Nxg3+ 16. fxg3 Qa4 17. Qd2 Nxc2 18. Nxc2 Qxc2 19. Qxc2 Bxc2 20. g4 e5 21. Rc1
Bg6 22. h4 exd4 23. exd4 Rfe8 24. h5 Bh7 25. Rc2 Bxc2 26. Ng1 Re4 27. Kf2 Rxd4
28. Rh2 Re8 29. Rh3 Rd2 30. Ra3 a6 31. Kf3 f5 32. b4 fxg4+ 33. Kxg4 Bd1 34. b5
Bxe2+ 35. Rf3 Bxf3+ 36. Nxf3 Rxg2+ 0-1

[Event "Tournoi francophone 019"]
[Site "Skype"]
[Date "????.??.??"]
[Round "2.18"]
[White "Montilla Bejarano, Mey"]
[Black "Warin, Benjamin"]
[Result "1-0"]
[WhiteElo "1088"]
[BlackElo "1000"]
[PlyCount "93"]

1. d4 d5 2. c4 dxc4 3. Nf3 Nc6 4. d5 Nb4 5. Qa4+ Qd7 6. Qxb4 e6 7. Qxc4 exd5 8.
Qd4 Nf6 9. Ne5 Qb5 10. e4 Qa5+ 11. Bd2 Qb6 12. Qa4+ c6 13. b3 Bd6 14. Bc3 Bxe5
15. Bxe5 O-O 16. exd5 Nxd5 17. Bd4 Re8+ 18. Be2 Qc7 19. Nc3 Nb6 20. Bxb6 Qxb6
21. Nd5 Qd8 22. Ne3 Bd7 23. Rd1 b5 24. Qd4 Be6 25. O-O Qa5 26. Qb2 Rad8 27.
Rxd8 Rxd8 28. b4 Qc7 29. Rc1 h6 30. Bf3 Qb7 31. Bxc6 Qc7 32. Bxb5 Qd6 33. Qe2
Bd5 34. Nxd5 Qxd5 35. Ba4 Qd2 36. Qxd2 Rxd2 37. Rc8+ Kh7 38. Bc2+ g6 39. a4 Re2
40. Kf1 Re5 41. Rc7 a6 42. Rxf7+ Kg8 43. Ra7 Rc5 44. bxc5 h5 45. c6 Kf8 46. c7
h4 47. c8=R# 1-0

[Event "Tournoi francophone 019"]
[Site "Skype"]
[Date "????.??.??"]
[Round "2.19"]
[White "De Coninck, Philippe"]
[Black "Vincent, Andre"]
[Result "1-0"]
[WhiteElo "1290"]
[BlackElo "1332"]
[PlyCount "51"]

1. e4 e5 2. Nf3 Nc6 3. Bb5 Nf6 4. Bxc6 bxc6 5. Nc3 Bb7 6. O-O Be7 7. Nxe5 O-O
8. Ne2 Nxe4 9. d3 Nf6 10. Ng3 d6 11. Nf3 g6 12. Bh6 Re8 13. h3 Qd7 14. Re1 c5
15. c3 a5 16. Ng5 Qc6 17. f3 Qd7 18. Qc2 a4 19. h4 d5 20. d4 c4 21. Kf2 Bd6 22.
Rh1 Nh5 23. Nxh5 Qf5 24. Qxf5 gxf5 25. Nf6+ Kh8 26. Nxf7# 1-0

[Event "Tournoi francophone 019"]
[Site "Skype"]
[Date "????.??.??"]
[Round "2.20"]
[White "Trapletti, Cosetta"]
[Black "Jacquelin, Norbert"]
[Result "0-1"]
[WhiteElo "1138"]
[BlackElo "1703"]
[PlyCount "44"]

1. d4 d5 2. Bf4 e6 3. e3 Nf6 4. c4 Bb4+ 5. Nc3 c5 6. Bd3 O-O 7. Nf3 dxc4 8.
Bxc4 Qa5 9. Qc2 b5 10. Bd3 c4 11. Be4 Nxe4 12. Qxe4 Bxc3+ 13. bxc3 Qxc3+ 14.
Nd2 Qxa1+ 15. Nb1 Bb7 16. Qxb7 Qxb1+ 17. Ke2 Qxh1 18. Qxa8 Na6 19. Qb7 c3 20.
Qxb5 c2 21. e4 Qd1+ 22. Ke3 c1=Q# 0-1

[Event "Tournoi francophone 019"]
[Site "Skype"]
[Date "????.??.??"]
[Round "2.21"]
[White "Guillaume, Mickael"]
[Black "Sahrane, Juba"]
[Result "1/2-1/2"]
[WhiteElo "1126"]
[BlackElo "1514"]
[PlyCount "68"]

1. e4 e6 2. c4 d6 3. Nc3 c5 4. Nf3 Nf6 5. g3 Be7 6. Bg2 O-O 7. O-O Nc6 8. d4
cxd4 9. Nxd4 Nxd4 10. Qxd4 Qc7 11. Be3 Rd8 12. Nb5 Qc5 13. Rfd1 Qxd4 14. Bxd4
a6 15. Nc7 Rb8 16. Bb6 Bd7 17. Nxe6 Bxe6 18. Bxd8 Rxd8 19. b3 Bd7 20. e5 dxe5
21. Bxb7 a5 22. Rac1 Rb8 23. Bd5 a4 24. c5 Nxd5 25. Rxd5 Be6 26. Rxe5 axb3 27.
axb3 Rxb3 28. c6 Bd6 29. Ra5 Rb8 30. Ra7 Rc8 31. c7 Kf8 32. Rb7 Ke7 33. Rb8
Rxb8 34. cxb8=Q Bxb8 1/2-1/2

[Event "Tournoi francophone 019"]
[Site "Skype"]
[Date "????.??.??"]
[Round "2.22"]
[White "Colangelo, Michele"]
[Black "Hargez, Dany"]
[Result "0-1"]
[WhiteElo "1108"]
[BlackElo "1296"]
[PlyCount "36"]

1. e4 e5 2. Nf3 d6 3. h3 Nf6 4. Nc3 Be7 5. Bc4 O-O 6. d3 Be6 7. Bxe6 fxe6 8.
O-O Nc6 9. Re1 d5 10. d4 Nd7 11. exd5 Nb4 12. dxe5 Nc5 13. dxe6 Nxe6 14. a3 Nc6
15. Nd5 Bc5 16. b4 Bd4 17. Be3 Bxa1 18. Qxa1 Qxd5 0-1

[Event "Tournoi francophone 019"]
[Site "Skype"]
[Date "????.??.??"]
[Round "2.23"]
[White "Codina, Teresa"]
[Black "Vervoort, Jean-Louis"]
[Result "0-1"]
[WhiteElo "1274"]
[BlackElo "1127"]
[PlyCount "40"]

1. d4 d5 2. Nf3 Bg4 3. b3 Bxf3 4. exf3 e6 5. Bb2 Nc6 6. a3 Nf6 7. Nd2 Qd6 8. c4
O-O-O 9. c5 Qf4 10. g3 Qg5 11. Bg2 Be7 12. O-O h5 13. h4 Qh6 14. Re1 g5 15. Nf1
gxh4 16. Bh3 hxg3 17. Nxg3 h4 18. Bc1 Qg7 19. Kh2 hxg3+ 20. fxg3 Qh7 0-1

[Event "Tournoi francophone 019"]
[Site "Skype"]
[Date "????.??.??"]
[Round "2.25"]
[White "Le Bouill, Pierre"]
[Black "Ruiz Aguilera, Juan Jesus"]
[Result "1/2-1/2"]
[WhiteElo "1223"]
[BlackElo "1116"]
[PlyCount "66"]

1. c4 Nf6 2. Nc3 e5 3. d3 h6 4. Nf3 Nc6 5. g3 d5 6. e3 Bb4 7. Bd2 d4 8. exd4
exd4 9. Qe2+ Qe7 10. Ne4 Bg4 11. Bxb4 Qxb4+ 12. Ned2+ Qe7 13. Qxe7+ Kxe7 14.
Bg2 Nb4 15. Ke2 Rad8 16. a3 Nc6 17. h3 Bxf3+ 18. Bxf3 Rhe8 19. Kd1 Kf8 20. Bxc6
bxc6 21. Nf3 a5 22. b3 c5 23. Kd2 Rb8 24. Rab1 Nd7 25. Rhe1 Rxe1 26. Nxe1 a4
27. b4 cxb4 28. Rxb4 Rxb4 29. axb4 c5 30. b5 Ke8 31. Kc2 Kd8 32. Kb2 Kc7 33.
Ka3 Nb6 1/2-1/2

[Event "Tournoi francophone 019"]
[Site "Skype"]
[Date "????.??.??"]
[Round "2.26"]
[White "Gerbaux, Regis"]
[Black "Blanchard, Colette"]
[Result "1-0"]
[WhiteElo "1024"]
[BlackElo "1204"]
[PlyCount "39"]

1. e4 g6 2. Nf3 Bg7 3. e5 d6 4. d4 Nh6 5. Nc3 O-O 6. h3 Nd7 7. Bc4 e6 8. Bg5
Qe8 9. O-O Nb6 10. Bb3 Bd7 11. Qd2 dxe5 12. dxe5 Nf5 13. Ne4 Bc6 14. Nf6+ Bxf6
15. exf6 Rd8 16. Qf4 Nd5 17. Bxd5 Bxd5 18. Bh6 Nxh6 19. Qxh6 Qc6 20. Qg7# 1-0

[Event "Tournoi francophone 019"]
[Site "Skype"]
[Date "????.??.??"]
[Round "2.27"]
[White "Akli, Dimitri"]
[Black "Milanese, Serge"]
[Result "0-1"]
[WhiteElo "1000"]
[BlackElo "1202"]
[PlyCount "68"]

1. e4 e5 2. f4 Nc6 3. Nf3 d6 4. Bc4 h6 5. Nc3 Be6 6. Bxe6 fxe6 7. f5 exf5 8. d3
Nd4 9. O-O c6 10. exf5 Nf6 11. Nxd4 exd4 12. Qe2+ Qe7 13. Ne4 O-O-O 14. Bf4 Qf7
15. c3 d5 16. Nxf6 Qxf6 17. Qe6+ Qxe6 18. fxe6 Bd6 19. Bxd6 Rxd6 20. e7 Re8 21.
Rae1 Kd7 22. Rf7 Re6 23. Rxg7 Rxe1+ 24. Kf2 R1xe7 25. Rg6 Rf8+ 26. Kg3 Re3+ 27.
Kg4 Rxd3 28. Kh5 dxc3 29. bxc3 Rxc3 30. Kxh6 Rh8+ 31. Kg5 Rxh2 32. Kf5 Rh4 33.
g3 Rf3+ 34. Ke5 Re4# 0-1

[Event "Tournoi francophone 019"]
[Site "Skype"]
[Date "????.??.??"]
[Round "2.29"]
[White "Cassano, Mariangela"]
[Black "Radice, Marco"]
[Result "0-1"]
[WhiteElo "1000"]
[BlackElo "1198"]
[PlyCount "86"]

1. d4 Nf6 2. e3 g6 3. c4 Bg7 4. Be2 O-O 5. Nc3 d6 6. Nf3 Nc6 7. O-O e5 8. Bd2
Re8 9. b3 exd4 10. exd4 Bd7 11. d5 Ne5 12. Bf4 Nxf3+ 13. Bxf3 Bf5 14. Ne2 Nh5
15. Be3 Bxa1 16. Qxa1 Nf6 17. Nd4 Bg4 18. Bd1 Bh5 19. f3 Rxe3 20. Rf2 Qe8 21.
Re2 Rxe2 22. Nxe2 Qe3+ 23. Kf1 g5 24. Qc3 Qxc3 25. Nxc3 g4 26. Nb5 gxf3 27.
gxf3 c6 28. Nc7 Rc8 29. Ne6 fxe6 30. dxe6 Re8 31. Kf2 Rxe6 32. Be2 d5 33. cxd5
Nxd5 34. Bd3 Nf4 35. Bf5 Re2+ 36. Kg3 Ng2 37. f4 Rxa2 38. Be6+ Kg7 39. f5 Ne3
40. Bc8 Rb2 41. Bxb7 c5 42. Kh4 Rxb3 43. Kxh5 Rxb7 0-1

[Event "Tournoi francophone 019"]
[Site "Skype"]
[Date "????.??.??"]
[Round "2.30"]
[White "Busto, Ricardo"]
[Black "Wildt, Gerti"]
[Result "1-0"]
[WhiteElo "1194"]
[BlackElo "1067"]
[PlyCount "113"]

1. d4 Nf6 2. Bf4 d6 3. Bd2 g6 4. c4 Bg7 5. Nc3 O-O 6. e4 Nbd7 7. f4 b6 8. Nf3
Bb7 9. Bd3 Re8 10. O-O c5 11. d5 e6 12. dxe6 Rxe6 13. Ng5 Re8 14. Re1 h6 15.
Nf3 a6 16. a4 Bc6 17. Qc1 a5 18. f5 Ne5 19. Nxe5 dxe5 20. Nd5 Nxd5 21. cxd5 Bb7
22. Bxh6 gxf5 23. Bxg7 Kxg7 24. Re3 f4 25. Rh3 Rh8 26. Rxh8 Qxh8 27. Qc3 f6 28.
Bb5 Qh7 29. Re1 Rh8 30. Qh3 Qxh3 31. gxh3 Rxh3 32. Bf1 Rh4 33. b3 Rg4+ 34. Kh1
f3 35. Re3 f2 36. Rg3 Rg5 37. Rg2 Ba6 38. Rxf2 Bc8 39. Rg2 Bh3 40. Rxg5+ fxg5
41. Bxh3 Kf7 42. Kg2 Ke7 43. Kg3 Kd6 44. Kg4 c4 45. bxc4 Kc5 46. Bf1 b5 47.
cxb5 Kb4 48. d6 Kc5 49. d7 Kd4 50. d8=Q+ Kxe4 51. Qxg5 Kd4 52. Qd2+ Kc5 53.
Qxa5 Kd4 54. b6 Ke3 55. Kg3 e4 56. Qe1+ Kd4 57. b7 1-0

[Event "Tournoi francophone 019"]
[Site "Skype"]
[Date "????.??.??"]
[Round "2.31"]
[White "Malbec, Robert"]
[Black "Tolaro, Filippa"]
[Result "1-0"]
[WhiteElo "1174"]
[BlackElo "1048"]
[PlyCount "113"]

1. e4 c6 2. d4 d5 3. Nc3 dxe4 4. Nxe4 Nd7 5. Nf3 Ngf6 6. Bd3 e6 7. O-O Nxe4 8.
Bxe4 Nf6 9. Bg5 h6 10. Bxf6 Qxf6 11. c3 Bd6 12. h3 O-O 13. Re1 e5 14. dxe5 Bxe5
15. Bc2 Re8 16. Qb1 g6 17. Qc1 Bf5 18. Bxf5 gxf5 19. Kf1 f4 20. Re2 Bd6 21. Qd2
Rad8 22. Rae1 Qg6 23. Rxe8+ Rxe8 24. Rxe8+ Kg7 25. Rd8 Be7 26. Rd5 cxd5 27. Qe1
Bd6 28. Qd2 d4 29. Qxd4+ Kh7 30. Qxa7 Qb1+ 31. Ne1 Qxb2 32. Qd4 Qb5+ 33. Qd3+
Qxd3+ 34. Nxd3 Kg6 35. Ke2 Kf5 36. Kf3 Ke6 37. Nxf4+ Kf5 38. Ne2 Kg5 39. Ke4
f5+ 40. Kd5 Bc7 41. c4 Bb6 42. c5 Ba7 43. f3 Kf6 44. c6 Bb8 45. cxb7 Ke7 46.
Kc6 Kd8 47. a4 Ba7 48. a5 Bb8 49. a6 h5 50. Nd4 f4 51. Ne6+ Ke7 52. Nxf4 h4 53.
Ng6+ Kd8 54. Nxh4 Ke7 55. Kb6 Kd7 56. a7 Bc7+ 57. Ka6 1-0

[Event "Tournoi francophone 019"]
[Site "Skype"]
[Date "????.??.??"]
[Round "2.32"]
[White "Fabre, Gregory"]
[Black "Yepez, German"]
[Result "0-1"]
[WhiteElo "1000"]
[BlackElo "1171"]
[PlyCount "88"]

1. e4 c5 2. d4 cxd4 3. b3 a6 4. Nf3 d6 5. Qxd4 Nc6 6. Qa4 e5 7. Bd2 Be7 8. Nc3
Nf6 9. Bd3 O-O 10. O-O-O Re8 11. h4 Ng4 12. Rdf1 Nh6 13. Qc4 Bg4 14. Ng5 Bf6
15. f3 Bd7 16. f4 b5 17. Qd5 Nb4 18. Qxd6 Be7 19. Qxe5 f6 20. Qd4 fxg5 21. fxg5
Nf7 22. e5 Nxd3+ 23. cxd3 Be6 24. Qf4 Qxd3 25. Rf3 Qg6 26. h5 Qxg5 27. g3 Qxf4
28. Rxf4 Bg5 29. Ne4 Bxf4 30. gxf4 Bd5 31. Ng5 Nxg5 32. fxg5 Bxh1 33. Bf4 Rac8+
34. Kd2 Rf8 35. Be3 Rf3 36. Bd4 Rh3 37. h6 gxh6 38. gxh6 Bf3 39. a4 bxa4 40.
bxa4 Bg4 41. Be3 Bf5 42. e6 Rc2+ 43. Ke1 Rh1+ 44. Bg1 Rxg1# 0-1

[Event "Tournoi francophone 019"]
[Site "Skype"]
[Date "????.??.??"]
[Round "2.35"]
[White "Ortis, Yves"]
[Black "Dida, Brahim"]
[Result "1-0"]
[WhiteElo "1147"]
[BlackElo "1000"]
[PlyCount "43"]

1. c4 e5 2. Nc3 a6 3. e4 Nf6 4. d3 d6 5. h3 Be7 6. Nf3 O-O 7. Be3 h6 8. Be2 Bd7
9. Nh4 Nxe4 10. Nxe4 Bxh4 11. g3 Be7 12. Bf3 Re8 13. d4 c5 14. Qd2 cxd4 15.
Bxh6 gxh6 16. Qxh6 f5 17. Qg6+ Kf8 18. O-O d3 19. Rad1 fxe4 20. h4 b5 21. h5 d2
22. Qg7+ 1-0

[Event "Tournoi francophone 019"]
[Site "Skype"]
[Date "????.??.??"]
[Round "2.36"]
[White "Rodgerson, Michael"]
[Black "Rivalta, Paolo"]
[Result "0-1"]
[WhiteElo "1000"]
[BlackElo "1143"]
[PlyCount "34"]

1. e4 e5 2. Nf3 Nc6 3. Bd3 Nf6 4. O-O Bc5 5. Be2 O-O 6. d4 exd4 7. Nbd2 d5 8.
b3 dxe4 9. Bb2 exf3 10. Bxf3 Re8 11. c3 dxc3 12. Bxc3 Bf5 13. Qe2 Rxe2 14. Bxe2
Bb4 15. Rac1 Bxc3 16. Rxc3 Qxd2 17. Rd1 Qxc3 0-1

[Event "Tournoi francophone 019"]
[Site "Skype"]
[Date "????.??.??"]
[Round "3.1"]
[White "Abdulrazzaq, Mohsen"]
[Black "Deville, Olivier"]
[Result "0-1"]
[WhiteElo "1346"]
[BlackElo "1751"]
[PlyCount "58"]

1. e4 c5 2. Nf3 d6 3. d4 Nf6 4. Nc3 cxd4 5. Nxd4 Nc6 6. Bg5 e6 7. Bb5 Bd7 8.
Bxc6 bxc6 9. O-O e5 10. Nf3 Be6 11. Re1 Be7 12. Qd2 Qc7 13. Rad1 Rd8 14. h3 O-O
15. Nh4 h6 16. Bxf6 Bxf6 17. Nf5 Bxf5 18. exf5 Qb7 19. b3 Qc8 20. Qd3 d5 21. f3
e4 22. fxe4 dxe4 23. Qe3 Qxf5 24. Nxe4 Be7 25. Rxd8 Rxd8 26. Qxa7 Bb4 27. Qc7
Rc8 28. Nd6 Qc5+ 29. Kf1 Rxc7 0-1

[Event "Tournoi francophone 019"]
[Site "Skype"]
[Date "????.??.??"]
[Round "3.2"]
[White "Garcia De La Calva, Juan Ramon"]
[Black "Lambert, Pierre"]
[Result "0-1"]
[WhiteElo "1337"]
[BlackElo "1660"]
[PlyCount "66"]

1. d4 Nf6 2. Nf3 e6 3. e3 d5 4. Bd3 Be7 5. Nbd2 c5 6. c3 Nc6 7. O-O O-O 8. Qe2
Qc7 9. e4 cxd4 10. e5 Nh5 11. Ng5 Nf4 12. Bxh7+ Kh8 13. Qg4 Bxg5 14. Qxg5 Qxe5
15. Qxe5 Nxe5 16. cxd4 Ne2+ 17. Kh1 Nc6 18. Bc2 Ncxd4 19. Bb3 Bd7 20. Re1 Rfc8
21. Nf3 Nxb3 22. axb3 Nxc1 23. Rexc1 Rxc1+ 24. Rxc1 Rc8 25. Rxc8+ Bxc8 26. Nd4
Bd7 27. Kg1 Kg8 28. Kf1 Kf8 29. Ke2 Ke7 30. f4 Kd6 31. Kd3 f6 32. g4 e5 33.
fxe5+ fxe5 0-1

[Event "Tournoi francophone 019"]
[Site "Skype"]
[Date "????.??.??"]
[Round "3.3"]
[White "Caputi, Giuliano"]
[Black "Pouteau, Pascal"]
[Result "1-0"]
[WhiteElo "1638"]
[BlackElo "1349"]
[PlyCount "29"]

1. e4 c6 2. d4 d5 3. exd5 Qxd5 4. Nf3 Nf6 5. c4 Qd8 6. Nc3 Bg4 7. Be2 e6 8. O-O
Bd6 9. Ne5 Bxe2 10. Qxe2 Qc7 11. Bf4 Nbd7 12. Bg3 Qb6 13. c5 Nxc5 14. dxc5 Bxc5
15. Na4 1-0

[Event "Tournoi francophone 019"]
[Site "Skype"]
[Date "????.??.??"]
[Round "3.4"]
[White "Marino, Giuseppe"]
[Black "Rochette, Mathieu"]
[Result "1/2-1/2"]
[WhiteElo "1335"]
[BlackElo "1603"]
[PlyCount "41"]

1. e4 c5 2. Nf3 Nc6 3. Bb5 a6 4. Bxc6 bxc6 5. d3 g6 6. O-O Bg7 7. c3 e5 8. Bg5
Ne7 9. Qd2 O-O 10. Bh6 d6 11. Bxg7 Kxg7 12. d4 cxd4 13. cxd4 exd4 14. Nxd4 Qc7
15. Qc3 Kg8 16. Nd2 Bd7 17. Rac1 Rfc8 18. a3 a5 19. N4f3 a4 20. Qf6 Be8 21. Qc3
1/2-1/2